LEADER 01020nam a2200265 i 4500 001 000000201901 003 CaOOAMICUS 005 20151202000000.0 008 151202s1986 it u000 u ita u 013 $a180607 020 $a88-7042-833-8 040 $aSeMil$bita 100 1 $aGregory, Tullio,$d<1929-2019>.$0(OLS)http://semarc/name/16 245 10$aEtica e religione nella critica libertina /$cTullio Gregory. 260 $aNapoli :$bGuida,$c1986. 300 $a117 p. ;$c22 cm. 490 0 $aInterventi ;$v31 650 4$aLibertinismo - Saggi.$0(OLS)http://semarc/subject/37930 830 0$aInterventi ;$v31.$0(OLS)http://semarc/title/8197 850 $aSeMil 852 $aSeMil$W1$xVenegono$y1$m2P II 840$j152427$B152427$CSeMilBibl$Z2$F209003 $81 961 $aOmaggio: Altro 996 $6020$a88-7042-833-8$9(OLS)http://semarc/number/194698 996 $6245$aEtica e religione nella critica libertina$9(OLS)http://semarc/title/292247 996 $6260$aNapoli :$bGuida$9(OLS)http://semarc/publisher/31216 LEADER 01313nam a2200313 i 4500 001 000000164836 003 CaOOAMICUS 005 20190926122340.0 008 070926s2007 it u000 u ita u 013 $a142204 020 $a978-88-250-1907-0 040 $aSeMil$bita 245 10$aLibertà e dialogo tra culture /$ca cura di Mario Signore, Giovanni Scarafile. 260 $aPadova :$bMessaggero,$c2007. 300 $a377 p. ;$c19 cm. 490 0 $aFede e cultura 650 4$aMulticulturalismo - Aspetti etici.$0(OLS)http://semarc/subject/25207 650 4$aDialogo - Culture.$0(OLS)http://semarc/subject/22047 650 4$aLibertà e società.$0(OLS)http://semarc/subject/29510 700 1 $aScarafile, Giovanni,$d<1968- >.$0(OLS)http://semarc/name/57857 700 1 $aSignore, Mario.$0(OLS)http://semarc/name/8174 830 0$aFede e cultura.$0(OLS)http://semarc/title/7661 850 $aSeMil 852 $aSeMil$W1$xVenegono$y1$m2K I 39$j116045$B116045$CSeMilBibl$Z2$F128190 $81 961 $aOmaggio per recensione: Scuola Cattolica 996 $6020$a978-88-250-1907-0$9(OLS)http://semarc/number/151151 996 $6245$aLibertà e dialogo tra culture$9(OLS)http://semarc/title/235211 996 $6260$aPadova :$bMessaggero$9(OLS)http://semarc/publisher/29786